banner-ar

شرح قطر الندى وبل الصدى ومعه بلوغ الغايات فى اعراب الشواهد والايات / (Record no. 37654)

MARC details
000 -الفاتح
حقل البيانات ثابتة الطول 00684nam a2200193Ia 4500
005 - وقت وتاريخ اخر تعامل مع التسجيلة
رقم الضبط 20240530103222.0
008 - عناصر البيانات ثابتة الطول - معلومات عامة
حقل البيانات ثابتة الطول 140319s9999 xx 000 0 ara d
040 ## - مصدر الفهرسة
وكالة الفهرسة الأصلية GCL /
وكالة النسخ GCL
082 04 - رقم تصنيف ديوى العشرى
رقم التصنيف 415.1
رقم المادة ه ش
100 1# - المدخل الرئيسى - إسم شخصى
الإسم الشخصى هشام الانصارى
245 10 - بيان العنوان
العنوان شرح قطر الندى وبل الصدى ومعه بلوغ الغايات فى اعراب الشواهد والايات /
بيان المسئوليه,etc هشام الانصارى
260 ## - PUBLICATION, DISTRIBUTION, ETC. (IMPRINT)
تاريخ النشر أو التوزيع 1993
300 ## - الوصف المادى
التعداد 495 ص
650 04 - المدخل الاضافى بالموضوع-مصطلح موضوعى
مصطلح موضوعي النحو
650 04 - المدخل الاضافى بالموضوع-مصطلح موضوعى
مصطلح موضوعي اللغة العربية
700 1# - المدخل الاضافى - اسم شخصى
الإسم الشخصى بركات يوسف هبود
942 ## - عناصر المدخل الإضافي( كوها)
مصدر التصنيف او مخطط الترفيف Dewey Decimal Classification
Koha [default] item type كتاب
260 ## - PUBLICATION, DISTRIBUTION, ETC. (IMPRINT)
-- بيروت :
-- دار الفكر للطباعة والنشر والتوزيع ،
Holdings
حالة التراجع حالة الفقد حالة تلف ليس للاعارة المكان المؤقت الموقع الحالى تاريخ الاكتساب اجمالي اﻻعارات رقم الطلب الباركود تاريخ اخر مشاهدة تاريخ تفعيل السعر نوع وعاء كوها مصدر التصنيف او خطة الترفيف موقع الترفيف
        مكتبة القاهرة الكبرى مكتبة القاهرة الكبرى 03/26/2014   415.1\ه ش 91947 03/26/2014 03/26/2014 كتاب    
        مكتبة القاهرة الكبرى مكتبة القاهرة الكبرى 03/26/2014   415.1\ه ش 91948 03/26/2014 03/26/2014 كتاب    
        مكتبة القاهرة الكبرى مكتبة القاهرة الكبرى 05/11/2022   415.1/ هـ ش 167858 05/11/2022 05/11/2022 كتاب ddc  
        مكتبة القاهرة الكبرى مكتبة القاهرة الكبرى 05/11/2022   415.1/ هـ ش 167859 05/11/2022 05/11/2022 كتاب ddc  

Powered By

EGPV